Materials science / (Record no. 22667)

MARC details
000 -LEADER
fixed length control field 00749nam a22002177a 4500
008 - FIXED-LENGTH DATA ELEMENTS--GENERAL INFORMATION
fixed length control field 090130t xxu||||| |||| 00| 0 eng d
010 ## - LCCN (DPL NO)
LC control number ENG-92703
020 ## - INTERNATIONAL STANDARD BOOK NUMBER
Terms of availability 150.00
International Standard Book Number 9788190790802
035 ## - SYSTEM CONTROL NUMBER
System control number EN-76236
037 ## - SOURCE OF ACQUISITION
Source of stock number/acquisition DBAD / PUB
040 ## - CATALOGING SOURCE
Original cataloging agency dpl
Language of cataloging English
082 ## - DEWEY DECIMAL CLASSIFICATION NUMBER
Classification number 620.11
100 ## - MAIN ENTRY--PERSONAL NAME
Personal name Jothi, L.
245 ## - TITLE STATEMENT
Title Materials science /
Statement of responsibility, etc by L.Jothi
260 ## - PUBLICATION, DISTRIBUTION, ETC. (IMPRINT)
Place of publication, distribution, etc Tamil Nadu
Name of publisher, distributor, etc Jaya Publications
Date of publication, distribution, etc 2008
270 ## - ADDRESS
Address Namakkal
City Tamil Nadu
Postal code 637207
300 ## - PHYSICAL DESCRIPTION
Extent 195p.
Dimensions 20cm (pbk)
650 ## - SUBJECT ADDED ENTRY--TOPICAL TERM
Topical term or geographic name as entry element Materials.
942 ## - ADDED ENTRY ELEMENTS (KOHA)
Source of classification or shelving scheme Dewey Decimal Classification
Item type English Books
Call number suffix JOT
Classification part 620.11
Holdings
Withdrawn status Lost status Source of classification or shelving scheme Damaged status Not for loan Collection code Home library Current library Date acquired Source of acquisition Cost, normal purchase price Total Checkouts Full call number Barcode Date last seen Copy number Cost, replacement price Koha item type
    Dewey Decimal Classification   Not For Loan Non-fiction D.B.Act.Division D.B.Act.Division 02/02/2009 DBAB / PUB 150.00   620.11 JOT EN-76236 30/01/2009 1 150.00 English Books

© Delhi Public Library
Hit Counter
free hit counter